000 00336nam a2200121Ia 4500
008 230907s9999||||xx |||||||||||||| ||und||
082 _a891.4393
_bUME
245 0 _aزندگی گلزار ہے , Zindagi gulzar hai /
260 _aIlm-O-Irfan Publishers,
_bLahore :
_c2018
300 _a160 p.
650 _aUrdu Literature
942 _cBK
999 _c599754
_d599754